书目信息 |
| 题名: |
电子合同
|
|
| 作者: | 张继文 主编 | |
| 分册: | ||
| 出版信息: | 北京 中国民主法制出版社 2003.08 |
|
| 页数: | 441页 | |
| 开本: | 20cm | |
| 丛书名: | 中国合同法实务操作丛书 | |
| 单 册: | ||
| 中图分类: | D923.64 | |
| 科图分类: | ||
| 主题词: | 电子商务--经济合同--合同法--基本知识--中国 | |
| 电子资源: | ||
| ISBN: | 7-80078-780-X | |
| 000 | 00791nam2 2200241 450 | |
| 001 | 0120041111 | |
| 005 | 20050906161347.48 | |
| 010 | @a7-80078-780-X@dCNY25.00 | |
| 100 | @a20030925d2003 em y0chiy0110 ea | |
| 101 | 0 | @achi |
| 102 | @aCN@b110000 | |
| 105 | @ay n 000yy | |
| 200 | 1 | @a电子合同@ADian Zi He Tong@f张继文主编@Fzhang ji wen zhu bian |
| 210 | @a北京@c中国民主法制出版社@d2003.08 | |
| 215 | @a441页@d20cm | |
| 225 | 2 | @a中国合同法实务操作丛书 |
| 330 | @a本书介绍了电子合同的订立及效力、履行及争议的解决、有关问题对策等。同时附有相关案例。 | |
| 410 | 0 | @12001 @a中国合同法实务操作丛书 |
| 606 | 0 | @a电子商务@x经济合同@x合同法@x基本知识@y中国 |
| 690 | @aD923.64@v4 | |
| 701 | 0 | @a张继文@Azhang ji wen@4主编 |
| 801 | 0 | @aCN@bQSSK@c20050906 |
| 905 | @a10447@dD923.64@eZ127 | |
| 电子合同/张继文主编.-北京:中国民主法制出版社,2003.08 |
| 441页;20cm.-(中国合同法实务操作丛书) |
| ISBN 7-80078-780-X:CNY25.00 |
| 本书介绍了电子合同的订立及效力、履行及争议的解决、有关问题对策等。同时附有相关案例。 |
| ● |
| 相关链接 |
|
|
|
正题名:电子合同
索取号:D923.64/Z127
 
预约/预借
| 序号 | 登录号 | 条形码 | 馆藏地/架位号 | 状态 | 备注 |
| 1 | 560273 | 205602739 | 社科库509/509社科库 94排2列1层/ [索取号:D923.64/Z127] | 在馆 | |
| 2 | 560274 | 205602748 | 社科库509/509社科库 94排2列1层/ [索取号:D923.64/Z127] | 在馆 | |
| 3 | 560275 | 205602757 | 社科库509/509社科库 94排2列1层/ [索取号:D923.64/Z127] | 在馆 |